000 00637nam a2200217 a 4500
003 PILC
005 20160321112709.0
008 090310s19uu xx 00 eng d
020 _a9780273714637
050 _aHD 38.15
_b.P44 2008
100 _aPeeling, Nic.
245 _aBrilliant manager :
_bwhat the best managers know, do and say /
250 _a2nd edition.
260 _aHarlow, England :
_bPearson Prentice Hall,
_c2008.
300 _a207 pages :
_billustrations ;
_c22 cm.
500 _aIncludes index.
650 _aBSBA.
650 _aManagement.
_xHandbooks
_xManuals, etc.
942 _cBK
_2lcc
_kFOR
999 _c39581
_d39581